Click Actors' First Name #2 - Statistics

General Stats
  • This quiz has been taken 776 times
  • The average score is 19 of 20
Answer Stats
Hint Answer % Correct
Pitt Brad
98%
Hanks Tom
98%
Diesel Vin
98%
Hathaway Anne
97%
Affleck Ben
97%
Aniston Jennifer
97%
Willis Bruce
96%
Damon Matt
96%
Smith Will
95%
Wahlberg Mark
94%
Streep Meryl
94%
Johnson Dwayne
93%
Witherspoon Reese
93%
Gibson Mel
92%
Corden James
91%
Theron Charlize
90%
Berry Halle
90%
Bacon Kevin
90%
Andrews Julie
84%
Hawn Goldie
83%
No matching quizzes found
Score Distribution
Percent of People with Each Score
Percentile by Number Answered
Your Score History
You have not taken this quiz